[Event "ESP-chT CECLUB Div2"]
[Site "Linares"]
[Date "2023.08.18"]
[Round "7.34"]
[White "Pablos Tenrero, Raquel"]
[Black "Lobo Pereira, Arami"]
[Result "0-1"]
[WhiteElo "2035"]
[BlackElo "1928"]
[PlyCount "114"]
[EventDate "2023.08.13"]
[EventType "team-swiss"]
[EventRounds "7"]
[EventCountry "ESP"]
[SourceTitle "EXT 2024"]
[Source "ChessBase"]
[SourceDate "2023.10.10"]
[SourceVersion "1"]
[SourceVersionDate "2023.10.10"]
[SourceQuality "1"]
[WhiteTeam "Collado Villalba"]
[BlackTeam "Llinars Renting"]
[WhiteTeamCountry "ESP"]
[BlackTeamCountry "ESP"]

1. e4 c5 2. Nf3 d6 3. Bb5+ Bd7 4. Bxd7+ Qxd7 5. c4 Nf6 6. Nc3 e6 7. 0-0 Be7 8. d4 cxd4 9. Nxd4 0-0 10. Qe2 Rd8 11. Rd1 Nc6 12. Nc2 Rac8 13. b3 Qc7 14. Bb2 a6 15. Ne3 Qa5 16. Rd2 Rb8 17. Rc1 b5 18. f3 Rdc8 19. Ncd1 Qb6 20. Nf2 Ne5 21. f4 Nc6 22. Qf3 Na5 23. Neg4 Ne8 24. cxb5 Rxc1+ 25. Bxc1 axb5 26. Rc2 Nc6 27. Qc3 Rc8 28. Be3 Qb7 29. h3 h5 30. Nh2 Bf6 31. Qd2 b4 32. Nf3 Bc3 33. Qe2 d5 34. exd5 exd5 35. Ng5 Nf6 36. Qd3 Re8 37. Re2 Qe7 38. Kf1 Qd6 39. Bc1 Rxe2 40. Qxe2 Nd4 41. Qd3 Ne6 42. a3 Nc5 43. Qc2 Qa6+ 44. Kg1 d4 45. axb4 Bxb4 46. Bd2 Qe2 47. Qf5 Bxd2 48. Qc8+ Ne8 49. Nf3 Bxf4 50. Qxc5 Be3 51. Kh2 d3 52. Qxh5 Bxf2 53. Qd5 Bb6 54. Ne5 Qh5 55. Qb5 Bc7 56. Qxe8+ Kh7 57. Qd7 Qxe5+ 0-1

[Event "ESP-chT CECLUB Div2"]
[Site "Linares"]
[Date "2023.08.14"]
[Round "2.30"]
[White "Pablos Tenrero, Raquel"]
[Black "Jaime Galeano, Alcher"]
[Result "1-0"]
[WhiteElo "2035"]
[BlackElo "1731"]
[PlyCount "119"]
[EventDate "2023.08.13"]
[EventType "team-swiss"]
[EventRounds "7"]
[EventCountry "ESP"]
[SourceTitle "EXT 2024"]
[Source "ChessBase"]
[SourceDate "2023.10.10"]
[SourceVersion "1"]
[SourceVersionDate "2023.10.10"]
[SourceQuality "1"]
[WhiteTeam "Collado Villalba"]
[BlackTeam "MyInvestor Casablanca II"]
[WhiteTeamCountry "ESP"]
[BlackTeamCountry "ESP"]

1. e4 e5 2. Nf3 Nc6 3. Bb5 a6 4. Ba4 Nf6 5. 0-0 Bc5 6. c3 b5 7. Bb3 d6 8. d4 Bb6 9. h3 Bb7 10. Re1 0-0 11. a4 h6 12. Qd3 exd4 13. cxd4 Nb4 14. Qd2 Ba5 15. Nc3 d5 16. e5 Ne4 17. Qe2 c5 18. axb5 c4 19. Bc2 Nxc2 20. Qxc2 axb5 21. Bd2 Nxd2 22. Nxd2 Qb6 23. Nf3 Bc6 24. Red1 Qc7 25. Nh4 Qd7 26. f4 b4 27. Ne2 Bb6 28. Qd2 b3 29. f5 Ra2 30. Rab1 Re8 31. Qf4 Bc7 32. Qg4 Bb6 33. Qg3 Kh8 34. Kh1 Bd8 35. f6 gxf6 36. Qf4 fxe5 37. Qxh6+ Kg8 38. dxe5 Rxe5 39. Nd4 Bxh4 40. Qxh4 Re4 41. Qg5+ Kf8 42. Qh6+ Kg8 43. Nxc6 Re6 44. Qg5+ Kf8 45. Nb4 Ra8 46. Nxd5 Qc6 47. Nf4 Rd6 48. Nh5 Rg6 49. Rd8+ Rxd8 50. Qxd8+ Qe8 51. Qxe8+ Kxe8 52. Rc1 Rc6 53. Rc3 Ra6 54. Rxc4 Ra2 55. Re4+ Kd7 56. Re2 Kc6 57. Ng3 Kb5 58. Ne4 Ra1+ 59. Kh2 Rc1 60. Re3 1-0

[Event "ESP-chT CECLUB Div1"]
[Site "Sanxenxo"]
[Date "2022.09.20"]
[Round "4.3"]
[White "Pablos Tenrero, Raquel"]
[Black "Hernandez Estevez, Yudania"]
[Result "1-0"]
[WhiteElo "1985"]
[BlackElo "2199"]
[PlyCount "169"]
[EventDate "2022.09.17"]
[EventType "team-tourn"]
[EventRounds "7"]
[EventCountry "ESP"]
[SourceTitle "CBM 210 Extra"]
[Source "ChessBase"]
[SourceDate "2022.11.30"]
[SourceVersion "1"]
[SourceVersionDate "2022.11.30"]
[SourceQuality "1"]
[WhiteTeam "Collado Villalba"]
[BlackTeam "Ourense Deportivo"]
[WhiteTeamCountry "ESP"]
[BlackTeamCountry "ESP"]

1. e4 c6 2. d4 d5 3. Nc3 dxe4 4. Nxe4 Nf6 5. Nxf6+ exf6 6. c3 Bd6 7. Bd3 0-0 8. Qc2 Re8+ 9. Ne2 h6 10. 0-0 Qc7 11. h3 Nd7 12. Bd2 Nf8 13. Rfe1 Be6 14. c4 Rad8 15. Rad1 Qc8 16. Bf4 Bb4 17. Bd2 Bxd2 18. Rxd2 Rd6 19. Red1 Red8 20. Be4 f5 21. Bf3 Ng6 22. Kh1 Qc7 23. b4 Qe7 24. b5 cxb5 25. d5 Qg5 26. c5 R6d7 27. Rd4 Qf6 28. Qc3 Kh7 29. dxe6 Qxe6 30. Rxd7 Rxd7 31. Rxd7 Qxd7 32. Qd4 Qc7 33. Nc3 a6 34. a4 bxa4 35. Nxa4 Qe7 36. Qe3 Qf6 37. Nc3 f4 38. Qd3 Qe7 39. Ne4 f5 40. Nd6 Qe1+ 41. Kh2 Qxf2 42. Nxb7 a5 43. c6 a4 44. c7 Qg3+ 45. Kg1 Qe1+ 46. Qf1 Qc3 47. Qb1 Qxc7 48. Qxf5 Qc1+ 49. Kh2 Qe1 50. Qe4 Qg3+ 51. Kg1 a3 52. Kf1 Qg5 53. Qa4 Qe7 54. Na5 Qe3 55. Nc4 Qd3+ 56. Kf2 Qd4+ 57. Ke2 Ne5 58. Qc2+ g6 59. Nxa3 Qe3+ 60. Kf1 Nxf3 61. Qc7+ Kh8 62. Qb8+ Kg7 63. Qb7+ Kf6 64. Qxf3 Qc1+ 65. Kf2 Qc5+ 66. Ke2 g5 67. Qd3 Qe5+ 68. Kf1 Qa1+ 69. Kf2 h5 70. Nc4 Qa7+ 71. Kf3 Qb7+ 72. Qe4 Qb3+ 73. Kf2 Qg3+ 74. Kf1 g4 75. Qe5+ Kg6 76. Qe6+ Kg7 77. Qe7+ Kg6 78. Qe6+ Kg7 79. Ne5 gxh3 80. Qxh3 Qg5 81. Qd7+ Kf6 82. Qd6+ Kf5 83. Nf3 Qg7 84. Qd5+ Kg4 85. Qe6+ 1-0

[Event "ESP-chT CECLUB Div1"]
[Site "Sanxenxo"]
[Date "2022.09.17"]
[Round "1.4"]
[White "Vega Gutierrez, Sabrina Neide"]
[Black "Pablos Tenrero, Raquel"]
[Result "1-0"]
[WhiteElo "2395"]
[BlackElo "1985"]
[PlyCount "95"]
[EventDate "2022.09.17"]
[EventType "team-tourn"]
[EventRounds "7"]
[EventCountry "ESP"]
[SourceTitle "CBM 210 Extra"]
[Source "ChessBase"]
[SourceDate "2022.11.30"]
[SourceVersion "1"]
[SourceVersionDate "2022.11.30"]
[SourceQuality "1"]
[WhiteTeam "Myinvestor Casablanca"]
[BlackTeam "Collado Villalba"]
[WhiteTeamCountry "ESP"]
[BlackTeamCountry "ESP"]

1. e4 c5 2. Nf3 Nc6 3. d4 cxd4 4. Nxd4 e5 5. Nb5 d6 6. c4 Be6 7. N5c3 g6 8. Bd3 Bg7 9. 0-0 Nge7 10. Nd5 0-0 11. Nbc3 Nd4 12. Bg5 f6 13. Be3 Nxd5 14. cxd5 Bd7 15. Bxd4 exd4 16. Ne2 Qb6 17. Nf4 f5 18. exf5 Bxf5 19. Ne6 Bxe6 20. dxe6 Rae8 21. f4 Qd8 22. Qg4 Qe7 23. Rae1 Rf6 24. Re2 Ref8 25. g3 Kh8 26. h4 Re8 27. Rfe1 a6 28. h5 gxh5 29. Qxh5 Rh6 30. Qg4 Rg8 31. Rh2 Rxh2 32. Kxh2 Bf6 33. Qh5 Rg7 34. g4 Qf8 35. Qf5 Qd8 36. Re2 Be7 37. Kg3 Qg8 38. Rh2 b5 39. Kf3 Qa8+ 40. Be4 Qg8 41. Rh6 Bd8 42. Qh5 Be7 43. Bxh7 Rxh7 44. Rxh7+ Qxh7 45. Qe8+ Qg8 46. Qxe7 Qa8+ 47. Kg3 Qe4 48. Qf8+ 1-0

[Event "ESP-chT CECLUB Div1"]
[Site "Linares"]
[Date "2021.09.11"]
[Round "4.2"]
[White "Rodrigo Yanguas, Maria"]
[Black "Pablos Tenrero, Raquel"]
[Result "1-0"]
[WhiteElo "2022"]
[BlackElo "1981"]
[PlyCount "37"]
[EventDate "2021.09.08"]
[EventType "team-tourn"]
[EventRounds "7"]
[EventCountry "ESP"]
[SourceTitle "CBM 204 Extra"]
[Source "ChessBase"]
[SourceDate "2021.11.30"]
[SourceVersion "1"]
[SourceVersionDate "2021.11.30"]
[SourceQuality "1"]
[WhiteTeam "Virgen de Atocha"]
[BlackTeam "Collado Villalba"]
[WhiteTeamCountry "ESP"]
[BlackTeamCountry "ESP"]

1. e4 c5 2. Nc3 Nc6 3. f4 d6 4. Nf3 g6 5. Bb5 Bd7 6. 0-0 Bg7 7. Bc4 e6 8. f5 Nf6 9. d3 0-0 10. Qe1 exf5 11. Qh4 Ng4 12. Bg5 Bf6 13. exf5 Bxf5 14. h3 Bxg5 15. Nxg5 h6 16. hxg4 hxg5 17. Qh6 Ne5 18. gxf5 Ng4 19. Qxg6+ 1-0

[Event "Guimaraes op"]
[Site "Guimaraes"]
[Date "2021.08.26"]
[Round "4"]
[White "Pablos Tenrero, Raquel"]
[Black "Yankelevich, Lev"]
[Result "0-1"]
[WhiteElo "2041"]
[BlackElo "2412"]
[PlyCount "54"]
[EventDate "2021.08.24"]
[EventType "swiss"]
[EventRounds "9"]
[EventCountry "POR"]
[SourceTitle "CBM 204 Extra"]
[Source "ChessBase"]
[SourceDate "2021.11.30"]
[SourceVersion "1"]
[SourceVersionDate "2021.11.30"]
[SourceQuality "1"]

1. d4 d5 2. Nc3 Nf6 3. Bf4 e6 4. Nb5 Na6 5. a3 Nh5 6. Be5 f6 7. e3 g6 8. Bf4 c5 9. Qd2 Nxf4 10. exf4 Bd7 11. dxc5 Nxc5 12. b4 Ne4 13. Qe3 a6 14. Nd4 Qc7 15. c4 Bh6 16. g3 e5 17. cxd5 0-0 18. Nde2 f5 19. Nh3 Rfe8 20. Qb3 Qb6 21. Qe3 Qf6 22. Rc1 Rac8 23. Rxc8 Rxc8 24. f3 exf4 25. Qb3 Qa1+ 26. Qd1 Qxa3 27. fxe4 f3 0-1

[Event "Madrid-ch sf"]
[Site "Madrid"]
[Date "2021.05.05"]
[Round "1"]
[White "Pablos Tenrero, Raquel"]
[Black "Huerto Moreno, Jorge"]
[Result "1-0"]
[WhiteElo "2049"]
[BlackElo "1837"]
[PlyCount "77"]
[EventDate "2021.05.05"]
[EventType "swiss"]
[EventRounds "9"]
[EventCountry "ESP"]
[SourceTitle "EXT 2022"]
[Source "ChessBase"]
[SourceDate "2021.10.06"]
[SourceVersion "1"]
[SourceVersionDate "2021.10.06"]
[SourceQuality "1"]

1. e4 e5 2. Nf3 Nc6 3. Bb5 g6 4. c3 Bg7 5. 0-0 a6 6. Ba4 b5 7. Bb3 Bb7 8. d4 exd4 9. cxd4 Nge7 10. Nc3 0-0 11. Bg5 h6 12. Bf4 Rc8 13. Qd2 Kh7 14. h4 Na5 15. Bc2 Nc4 16. Qc1 c5 17. d5 Qa5 18. Nd1 Ng8 19. Bd3 Na3 20. Be5 Bxe5 21. Nxe5 Rfe8 22. Nxf7 c4 23. Be2 Qb6 24. Qc3 Nf6 25. Qxa3 Nxe4 26. Bf3 Nd2 27. Nd6 b4 28. Nxc8 Bxc8 29. Qa4 Nxf3+ 30. gxf3 Qf6 31. Ne3 Qxh4 32. Ng2 Qh3 33. Rfe1 Rf8 34. Qxb4 Qxf3 35. Re7+ Kg8 36. Rf1 Qf6 37. d6 Qg5 38. Qxc4+ Kh8 39. Qc3+ 1-0

[Event "ESP-chT CECLUB Honor"]
[Site "Linares"]
[Date "2020.09.29"]
[Round "7.1"]
[White "Moreno Tejera, Emilio"]
[Black "Pablos Tenrero, Raquel"]
[Result "1-0"]
[WhiteElo "2446"]
[BlackElo "2043"]
[PlyCount "82"]
[EventDate "2020.09.23"]
[EventType "team-tourn"]
[EventRounds "7"]
[EventCountry "ESP"]
[SourceTitle "CBM 198 Extra"]
[Source "ChessBase"]
[SourceDate "2020.11.30"]
[SourceVersion "1"]
[SourceVersionDate "2020.11.30"]
[SourceQuality "1"]
[WhiteTeam "Extremadura Magic"]
[BlackTeam "Collado Villalba"]
[WhiteTeamCountry "ESP"]
[BlackTeamCountry "ESP"]

1. e4 c5 2. d3 Nc6 3. g3 d5 4. Nd2 Nf6 5. Ngf3 e5 6. Bg2 Be7 7. 0-0 0-0 8. Re1 d4 9. Nc4 Qc7 10. a4 Be6 11. Ng5 Bxc4 12. dxc4 Rad8 13. f4 Nd7 14. Nh3 a6 15. Bd2 b6 16. Bf1 Rb8 17. Ra3 Na7 18. Qa1 Rb7 19. Qa2 b5 20. axb5 axb5 21. Ra1 Nc8 22. cxb5 Nd6 23. Qd5 Nf6 24. Qxe5 Nfxe4 25. Be1 Bf6 26. Qd5 c4 27. Ra5 Qc5 28. Qxc5 Nxc5 29. Bb4 Nce4 30. Nf2 Re8 31. Nxe4 Nxe4 32. Ra8 Rbb8 33. Rxb8 Rxb8 34. Bxc4 Rd8 35. Re1 Re8 36. Bd5 Nd6 37. Rxe8+ Nxe8 38. Bc6 Nc7 39. Kf1 d3 40. c3 g5 41. Bd6 Ne6 1-0

[Event "Collado Villalba-A 37th"]
[Site "Collado Villalba"]
[Date "2020.08.25"]
[Round "5"]
[White "Pablos Tenrero, Raquel"]
[Black "Semprun Martinez, Fernando M"]
[Result "1/2-1/2"]
[WhiteElo "2043"]
[BlackElo "2101"]
[PlyCount "80"]
[EventDate "2020.08.22"]
[EventType "tourn"]
[EventRounds "9"]
[EventCountry "ESP"]
[SourceTitle "CBM 198 Extra"]
[Source "ChessBase"]
[SourceDate "2020.11.30"]
[SourceVersion "1"]
[SourceVersionDate "2020.11.30"]
[SourceQuality "1"]

1. e4 c5 2. Nf3 Nc6 3. Bb5 g6 4. Bxc6 dxc6 5. h3 Bg7 6. d3 Qc7 7. Nc3 e5 8. 0-0 Ne7 9. Be3 b6 10. Nh2 f5 11. f4 0-0 12. Qd2 Be6 13. fxe5 fxe4 14. Nxe4 Bxe5 15. Nf3 Bxb2 16. Rae1 Bg7 17. Nfg5 Bf5 18. Bf4 Qd7 19. Bd6 Bxe4 20. Nxe4 Rxf1+ 21. Rxf1 Nf5 22. Bf4 Re8 23. g4 Ne7 24. Bh6 Qd4+ 25. Kh1 Rf8 26. Rxf8+ Bxf8 27. Bxf8 Kxf8 28. Qf4+ Kg7 29. Qc7 Kf8 30. Qf4+ Kg7 31. Qc7 Kf8 32. Qb8+ Kf7 33. Ng5+ Kf6 34. Nxh7+ Kg7 35. Qf8+ Kxh7 36. Qxe7+ Kh6 37. Qh4+ Kg7 38. Qe7+ Kh6 39. Qh4+ Kg7 40. Qe7+ Kh6 1/2-1/2

[Event "ESP-chT CECLUB Div2"]
[Site "Linares"]
[Date "2018.08.15"]
[Round "2.8"]
[White "Gonzalez Benavides, Maria del Pilar"]
[Black "Pablos Tenrero, Raquel"]
[Result "0-1"]
[WhiteElo "1802"]
[BlackElo "2015"]
[PlyCount "118"]
[EventDate "2018.08.14"]
[EventType "team-swiss"]
[EventRounds "7"]
[EventCountry "ESP"]
[SourceTitle "CBM 186 Extra"]
[Source "ChessBase"]
[SourceDate "2018.08.24"]
[SourceVersion "1"]
[SourceVersionDate "2018.08.24"]
[SourceQuality "1"]
[WhiteTeam "Albatros"]
[BlackTeam "Liberty Chess"]
[WhiteTeamCountry "ESP"]
[BlackTeamCountry "ESP"]

1. e4 c6 2. c4 d5 3. cxd5 cxd5 4. exd5 Nf6 5. Nc3 g6 6. Nf3 Bg7 7. Bc4 0-0 8. 0-0 Na6 9. d4 Nc7 10. Qb3 b5 11. Nxb5 Ncxd5 12. Nc3 Nb6 13. Be2 Bg4 14. Be3 Nbd5 15. h3 Rb8 16. Qa3 Bf5 17. Ne5 Qb6 18. Bf3 Nxe3 19. fxe3 Qxb2 20. Qxb2 Rxb2 21. Nc6 Re8 22. Na4 Rb5 23. Nc5 Nd7 24. Nxa7 Rxc5 25. dxc5 Bxa1 26. Rxa1 Nxc5 27. a4 e5 28. Bc6 Re7 29. Nb5 Re6 30. Bd5 Ra6 31. Nc3 Bd7 32. a5 Be6 33. e4 Bxd5 34. exd5 Nb7 35. Re1 f6 36. Ne4 f5 37. Ng5 e4 38. Rc1 Nxa5 39. Rc7 Rd6 40. Nxh7 Nc4 41. Rxc4 Kxh7 42. Rd4 Kg7 43. Kf2 Kf6 44. g3 g5 45. g4 Ke5 46. Ra4 Rxd5 47. gxf5 Kxf5 48. Ra8 Kf4 49. Rf8+ Ke5 50. Ke3 Rd3+ 51. Ke2 Rxh3 52. Re8+ Kf4 53. Rf8+ Kg3 54. Ke3 Kg2+ 55. Kxe4 g4 56. Ra8 Rf3 57. Ra1 g3 58. Rb1 Rf8 59. Ke3 Kh2 0-1

[Event "Madrid-chT 1718"]
[Site "Madrid"]
[Date "2018.01.28"]
[Round "7.46"]
[White "Rodrigo Yanguas, Maria"]
[Black "Pablos Tenrero, Raquel"]
[Result "0-1"]
[WhiteElo "2071"]
[BlackElo "1976"]
[PlyCount "120"]
[EventDate "2017.11.19"]
[EventType "team-tourn"]
[EventRounds "14"]
[EventCountry "ESP"]
[SourceTitle "EXT 2019"]
[Source "ChessBase"]
[SourceDate "2018.10.10"]
[SourceVersion "1"]
[SourceVersionDate "2018.10.10"]
[SourceQuality "1"]
[WhiteTeam "Virgen de Atocha"]
[BlackTeam "Liberty Chess"]
[WhiteTeamCountry "ESP"]
[BlackTeamCountry "ESP"]

1. e4 c5 2. c3 Nf6 3. e5 Nd5 4. d4 cxd4 5. cxd4 d6 6. Nf3 Nc6 7. Bc4 e6 8. 0-0 Nb6 9. Bb3 Qc7 10. Nc3 a6 11. Bf4 Na5 12. Rc1 Qd8 13. Bc2 Bd7 14. Qe2 Bc6 15. Rfd1 Nd5 16. Bg3 Be7 17. a3 b5 18. Ne4 dxe5 19. Nxe5 Bb7 20. Qh5 g6 21. Qh6 Bf8 22. Qh3 Rc8 23. Nc5 Bxc5 24. dxc5 Qf6 25. Ng4 Qg5 26. Be4 f5 27. Be5 fxg4 28. Qg3 Rf8 29. b4 Nc4 30. Bb8 Kf7 31. h4 Qf6 32. Ba7 Kg8 33. c6 Bxc6 34. Qxg4 Ne5 35. Qh3 Nf4 36. Qe3 Nc4 37. Qe1 Nd5 38. Bf3 Rfe8 39. h5 Qg5 40. hxg6 hxg6 41. Rd4 Nf4 42. Bxc6 Rxc6 43. Qe4 Ne2+ 44. Qxe2 Qxc1+ 45. Rd1 Qg5 46. Qe4 Rc7 47. Bc5 Rh7 48. Qc6 Rh1+ 49. Kxh1 Qh5+ 50. Kg1 Qxd1+ 51. Kh2 Qh5+ 52. Kg1 g5 53. Qxa6 Qd1+ 54. Kh2 Qd7 55. a4 Kf7 56. axb5 Rh8+ 57. Kg3 Qc7+ 58. Kf3 Qf4+ 59. Ke2 Qd2+ 60. Kf3 Ne5+ 0-1

[Event "ESP-ch (Women)"]
[Site "Linares"]
[Date "2017.08.24"]
[Round "6"]
[White "Pablos Tenrero, Raquel"]
[Black "Redondo Benavente, Ana"]
[Result "1/2-1/2"]
[WhiteElo "2008"]
[BlackElo "2022"]
[PlyCount "65"]
[EventDate "2017.08.21"]
[EventType "swiss"]
[EventRounds "9"]
[EventCountry "ESP"]
[SourceTitle "CBM 180 Extra"]
[Source "ChessBase"]
[SourceDate "2017.10.06"]
[SourceVersion "1"]
[SourceVersionDate "2017.10.06"]
[SourceQuality "1"]

1. d4 d5 2. Nc3 Nf6 3. Bf4 a6 4. e3 Bf5 5. f3 h5 6. Bd3 Bxd3 7. Qxd3 e6 8. e4 b5 9. Nge2 c6 10. a4 Nbd7 11. 0-0 Be7 12. axb5 axb5 13. Rxa8 Qxa8 14. exd5 exd5 15. Ng3 0-0 16. Nf5 Re8 17. Ne2 g6 18. Nxe7+ Rxe7 19. Bg5 Qe8 20. Rf2 Re6 21. g3 Nh7 22. Bd2 Qa8 23. Kg2 Kg7 24. Nf4 Re8 25. b3 Nhf6 26. Qc3 Nf8 27. Nd3 N6d7 28. Nb4 Rc8 29. Qe3 Re8 30. Qc3 Rc8 31. Qe3 Ne6 32. Qh6+ Kg8 33. f4 1/2-1/2

[Event "ESP-ch (Women)"]
[Site "Linares"]
[Date "2017.08.21"]
[Round "1"]
[White "Pablos Tenrero, Raquel"]
[Black "De la Fuente de la Fuente, Alba"]
[Result "1-0"]
[WhiteElo "2008"]
[BlackElo "1322"]
[PlyCount "37"]
[EventDate "2017.08.21"]
[EventType "swiss"]
[EventRounds "9"]
[EventCountry "ESP"]
[SourceTitle "CBM 180 Extra"]
[Source "ChessBase"]
[SourceDate "2017.10.06"]
[SourceVersion "1"]
[SourceVersionDate "2017.10.06"]
[SourceQuality "1"]

1. e4 e6 2. d4 d5 3. Nc3 Nf6 4. Bg5 dxe4 5. Nxe4 Be7 6. Bxf6 Bxf6 7. Nf3 Nd7 8. Bd3 0-0 9. h4 h6 10. g4 c5 11. g5 hxg5 12. hxg5 Bxd4 13. Nxd4 g6 14. Nb3 Qc7 15. Nbxc5 Qa5+ 16. c3 f5 17. Nxd7 Bxd7 18. Nf6+ Kf7 19. Rh7# 1-0

[Event "Madrid-ch sf"]
[Site "Madrid"]
[Date "2017.04.05"]
[Round "8"]
[White "Camarero Izquierdo, Juan Carlos"]
[Black "Pablos Tenrero, Raquel"]
[Result "0-1"]
[WhiteElo "1775"]
[BlackElo "1987"]
[PlyCount "92"]
[EventDate "2017.03.27"]
[EventType "swiss"]
[EventRounds "9"]
[EventCountry "ESP"]
[SourceTitle "CBM 177 Extra"]
[Source "ChessBase"]
[SourceDate "2017.04.27"]
[SourceVersion "1"]
[SourceVersionDate "2017.04.27"]
[SourceQuality "1"]

1. d4 d5 2. Nc3 c6 3. f3 Nf6 4. Bg5 Qb6 5. Rb1 h6 6. Bh4 Nbd7 7. e4 dxe4 8. fxe4 e5 9. Bf2 Qa5 10. Bd3 Bb4 11. Nge2 Ng4 12. 0-0 Nxf2 13. Rxf2 exd4 14. Nxd4 Ne5 15. Kh1 Qb6 16. Nce2 Bg4 17. Qf1 Bc5 18. a4 Bxd4 19. a5 Qc5 20. Nxd4 Qxd4 21. h3 Bh5 22. a6 Nxd3 23. axb7 Rb8 24. cxd3 0-0 25. Rc1 Rxb7 26. Rxc6 Qd7 27. Rc5 Bg6 28. h4 h5 29. Rg5 Rb6 30. g4 hxg4 31. h5 Qe7 32. Rxg4 Bxh5 33. Rgf4 Rh6 34. Rh2 Bg6 35. Rxh6 gxh6 36. Rf6 Kg7 37. Rf4 Rb8 38. Qc1 Qe5 39. Qc3 Qxc3 40. bxc3 Rb3 41. d4 Rxc3 42. e5 Rd3 43. Kg2 a5 44. Kf2 a4 45. Rg4 a3 46. Ke2 a2 0-1